Statistics for Countries by number of popes

Click here to take the quiz!

General Stats

  • This quiz has been taken 128 times
    (101 since last reset)
  • The average score is 10 of 15

Answer Stats

HintAnswer% Correct
15France
98%
196Italy
98%
5Germany
95%
3Spain
93%
1Poland
91%
1Argentina
84%
11Greece
84%
2Portugal
82%
1Netherlands
58%
1Israel
57%
1Croatia
49%
5Syria
47%
1England
35%
3Africa
16%
2West Bank
2%

Score Distribution

Percentile by Number Answered

Percent of People with Each Score

Your Score History

You have not taken this quiz since the last reset